000
00254nam a2200121Ia 4500
100
_a
Novell
942
_c
BK
654
_a
System Administration
245
_a
System Administration
260
_b
Novell
_a
U.S.A
_c
1993
300
_a
548
546
_a
ENGLISH
999
_c
33357
_d
33357